Responses for Show #1930 - Friday, January 15, 1993

Contestants

[<< previous game]

Joe Kenary, a business school student originally from Washington, D.C.

Michelle Rottner, an event coordinator from Pasadena, California

Kimberly Kallsen King, a legal clerk originally from Cottonwood, Arizona (whose 3-day cash winnings total $17,202)

[next game >>]

Jeopardy! Round responses

BIOLOGY
ETIQUETTE
"MY" TV
CANALS
BUSINESS & INDUSTRY
ODDS & ENDS
    $100 1
4

Kim
    $100 5
(Michelle: What is thank you?)
(Alex: And?)
(Michelle: You're welcome.)

thank you & please

MichelleJoe
    $100 8
My Favorite Martian

Kim
    $100 26
the Panama Canal

Kim
    $100 7
Avon

Kim
    $100 21
Lexington

Michelle
    $200 2
the stomach

Joe
    $200 10
announcements

Michelle
    $200 9
My Three Sons

Michelle
    $200 27
the Suez

Michelle
    $200 16
Clorox

Michelle
    $200 22
the Pyrenees

Joe
    $300 3
caffeine

Joe
    $300 11
the napkin

Joe
    $300 14
My Two Dads

Kim
    $300 28
the Erie

Michelle
    $300 17
McCormick

Michelle
    $300 23
(Joe: What is sahib?)
(Michelle: What is sultan?)

khan

MichelleJoe
Triple Stumper
    $400 4
teeth

Michelle
    $400 12
applaud

Kim
    $400 15
My Little Margie

Michelle
    $400 29
Greece

Michelle
    $400 18
Seagram's

Michelle
    $400 24
(Michelle: Uh, what is Nicaragua?)

Brazil

KimMichelle
    $500 6
(Joe: What is... the pancreas?)

the liver

Joe
    $500 13
(Ken: [*], please make a contribution to American Cancer Society, whatever.)

in lieu of flowers

Triple Stumper
    $500 20
My World ... and Welcome to It

Triple Stumper
    $500 30
the Bay of Biscay

Joe
    $500 19
Norelco

Kim
    $500 25
military intelligence

Joe

Scores at the first commercial break (after clue 13):

Kim Michelle Joe
$700 $700 $400

Scores at the end of the Jeopardy! Round:

Kim Michelle Joe
$2,000 $2,300 $1,300

Double Jeopardy! Round responses

WORLD WAR I
MUSEUMS
REPUBLICANS
ENGLISH POETRY
U.S. STATES
THE COLUMN
    $200 14
zeppelins

Joe
    $200 19
(Alexander Graham) Bell

Michelle
    $200 1
Ulysses Grant

Joe
    $200 13
Henry VIII

Joe
    $200 6
Florida

Joe
    $200 8
Samson

Joe
    $400 15
tanks

Joe
    $400 24
the (Gateway) Arch

Joe
    $400 2
Strom Thurmond

Joe
    $400 21
Paradise Lost

Michelle
    $400 7
Oregon

Michelle
    $400 9
St. Peter

Joe
    $600 16
vice president

Triple Stumper
    $600 25
Connecticut

Joe
    $1,000 3
(Joe: Who is... Roosevelt?)

Robert Taft

Joe
    $600 28
(Lord) Byron

Kim
    $600 10
the humpback whale

Triple Stumper
    $600 20
Hammurabi

Kim
    $800 17
T.E. Lawrence

Joe
    $800 26
Sarasota

Triple Stumper
    $800 4
Newt Gingrich

Joe
    $500 29
(Kim: Who is John Milton?)

John Donne

Kim
    $800 11
(Theodore) Dreiser

Kim
    $800 22
the Doric, Ionic & Corinthian

Michelle
    $1000 18
(Joe: What is the Marne?)
(Michelle: What is Orleans?)

Verdun

MichelleJoe
Triple Stumper
    $1000 27
the Uffizi

Michelle
    $1000 5
(Alan) Simpson

Kim
    $1000 30
Shakespeare

Kim
    $1000 12
Ohio

Triple Stumper
    $1000 23
a colonnade

Michelle

Scores at the end of the Double Jeopardy! Round:

Kim Michelle Joe
$5,500 $5,100 $4,100

[wagering suggestions for these scores]

Final Jeopardy! Round responses

WOMEN
JoeWho is Mother Teresa
$4,100
MichelleWho is Mother Theresa
$3,101
KimWho was Indihra Gandhi?
$4,701
Mother Teresa

Final scores:

Kim Michelle Joe
$799 $8,201 $8,200
3rd place: Lalura perfume & cologne + Wheel of Fortune & Jeopardy! for the Super Nintendo Entertainment System & Sega Genesis New champion: $8,201 2nd place: tour of Southern California on Goodyear Eagle + Panasonic Super VHS-C camcorder

Game dynamics:

Coryat scores:

Kim Michelle Joe
$6,000 $5,100 $5,600
13 R,
1 W
(including 1 DD)
17 R,
4 W
19 R,
4 W
(including 2 DDs)

Combined Coryat: $16,700

[game clues] [game scores] [suggest correction]

Game tape date: 1992-09-22
The J! Archive is created by fans, for fans. Scraping, republication, monetization, and malicious use prohibited; this site may use cookies and collect identifying information. See terms. The Jeopardy! game show and all elements thereof, including but not limited to copyright and trademark thereto, are the property of Jeopardy Productions, Inc. and are protected under law. This website is not affiliated with, sponsored by, or operated by Jeopardy Productions, Inc. Join the discussion at JBoard.tv.